Statistiques concernant Prénom comme nom de famille comme prénom n°4

Cliquez ici pour prendre le quiz!

Statistiques générales

  • Ce quiz a été pris 206 fois
  • Le résultat moyen est 12 sur 14

Statistiques - réponses

Prénom?Nom?Nom de famille% Correct
Louis-FerdinandCélineDion
97%
ClaudeFrançoisMitterrand
97%
AnatoleFranceGall
96%
ArethaFranklinD. Roosevelt
93%
AlainMarionCotillard
93%
GeorgeMichaelJackson
89%
FranzMarcChagall
86%
YvesRobertRedford
84%
PlasticBertrandRussell
82%
GenPaulCézanne
82%
GabrielMarcelProust
81%
JaneAvrilLavigne
71%
Jules RobertAugusteRodin
65%
ÉmileBernardArnault
48%

Distribution des résultats

Percentile par nombre de réponses

% des personnes avec chaque résultat

Votre développement - résultats

Vous n’avez pas pris ce quiz